002710000a2200061000450024501230000030000390012377300470016210aLiterary criticism and introduction : Book list 1998 (incluiding history of interpretation, canon and special studies) aNúm 79 (1998), Páginas 100-1390 tJournal for the Study of the Old Testament